Proceedings of third annual conference of Indian society for theory of probability and its applications: (Record no. 24757)
[ view plain ]
| 000 -LEADER | |
|---|---|
| fixed length control field | 00560nam a22001337a 4500 |
| 008 - FIXED-LENGTH DATA ELEMENTS--GENERAL INFORMATION | |
| fixed length control field | 230428b |||||||| |||| 00| 0 eng d |
| 040 ## - CATALOGING SOURCE | |
| Original cataloging agency | National Science Library |
| Transcribing agency | National Science Library |
| 080 ## - UNIVERSAL DECIMAL CLASSIFICATION NUMBER | |
| Universal Decimal Classification number | 519.21:061.62(082.2) |
| Item number | M4 |
| 245 ## - TITLE STATEMENT | |
| Title | Proceedings of third annual conference of Indian society for theory of probability and its applications: |
| Remainder of title | August 22-24, 1981 |
| Statement of responsibility, etc. | / Held at Department of Mathematical Statistics, University of Delhi |
| 260 ## - PUBLICATION, DISTRIBUTION, ETC. | |
| Place of publication, distribution, etc. | New Delhi: |
| Name of publisher, distributor, etc. | Wiley Eastern Limited, |
| Date of publication, distribution, etc. | 1981 |
| 300 ## - PHYSICAL DESCRIPTION | |
| Extent | 104p. |
| 650 ## - SUBJECT ADDED ENTRY--TOPICAL TERM | |
| Topical term or geographic name entry element | Science |
| 942 ## - ADDED ENTRY ELEMENTS (KOHA) | |
| Source of classification or shelving scheme | Universal Decimal Classification |
| Koha item type | Proceedings |
| Withdrawn status | Lost status | Source of classification or shelving scheme | Damaged status | Not for loan | Home library | Current library | Shelving location | Date acquired | Total Checkouts | Full call number | Barcode | Date last seen | Price effective from | Koha item type |
|---|---|---|---|---|---|---|---|---|---|---|---|---|---|---|
| Universal Decimal Classification | National Science Library | National Science Library | GF/Rk-5/C-23/R-4 | 17/05/1984 | 519.21:061.62(082.2) M4 | 104484 | 28/04/2023 | 17/05/1984 | Proceedings |